Future of human rights (Record no. 399304)

000 -LEADER
fixed length control field 00350cam a22001337a 4500
008 - FIXED-LENGTH DATA ELEMENTS--GENERAL INFORMATION
fixed length control field 180718b2002 xxu||||| |||| 00| 0 eng d
020 ## - INTERNATIONAL STANDARD BOOK NUMBER
International Standard Book Number 0195652894
082 ## - DEWEY DECIMAL CLASSIFICATION NUMBER
Classification number C41 B331
100 ## - MAIN ENTRY--PERSONAL NAME
Personal name Baxi, Upendra
245 ## - TITLE STATEMENT
Title Future of human rights
Statement of responsibility, etc. by Upendra Baxi
260 ## - PUBLICATION, DISTRIBUTION, ETC.
Place of publication, distribution, etc. New Delhi
Name of publisher, distributor, etc. Oxford Univ. Press
Date of publication, distribution, etc. 2002
300 ## - PHYSICAL DESCRIPTION
Extent 184p.
650 ## - SUBJECT ADDED ENTRY--TOPICAL TERM
Topical term or geographic name entry element Human rights
Holdings
Withdrawn status Lost status Damaged status Not for loan Permanent Location Current Location Date acquired Full call number Barcode Date last seen Price effective from Koha item type
        Indian Institute of Public Administration Indian Institute of Public Administration 2002-03-04 C41 B331 77339 2018-07-21 2018-07-21 Book

Powered by Koha